01188nam a2200253 a 450000100100000000500170001000800410002704000250006808200180009310000430011124500820015426000600023630000200029650000620031650400740037865000520045265000700050465000400057465000570061404900090067195201160068095201210079699900170091700002590720200930024137.0110224s1985 dr 000 0 spa d aDO-SdBNPbspacBNPHU a980.02bM244b1 aMaldonado-Denis, Manuel,d1933-94256910aBolivar :bvigencia de su pensamiento en América /cManuel Maldonado-Denis. aSanto Domingo :bMuseo del Hombre Dominicano,c[1985?]. a51 p. ;c23 cm. aIncluye datos biográficos del autor en la contraportada aIncluye referencias bibliográficas y notas al pie de las páginas. 4aBolivar, simón,d1783-1830xInfluencia952766 4aBolivar, simón,d1783-1830xCrítica e interpretación952767 4aMartí, josé,d1853-1895.952768 4aRegión caribexPolítica y gobiernoy1945-952769 aBNPD 0010718PDaPDbPDcCTd2011-02-24iLF1l0o980.02 M244bp25907-10r2020-06-25w2020-06-25yLFPDZNo se presta 0010718PDaPDbPDcCTd2011-02-24iLF1l0o980.02 M244bp25907-20r2020-06-25te.2w2020-06-25yLFPDZNo se presta c25399d25399